| 000 -LEADER |
| fixed length control field |
00487cam a22001577a 4500 |
| 008 - FIXED-LENGTH DATA ELEMENTS--GENERAL INFORMATION |
| fixed length control field |
180718b1972 xxu||||| |||| 00| 0 eng d |
| 020 ## - INTERNATIONAL STANDARD BOOK NUMBER |
| International Standard Book Number |
0 85139 364 0 |
| 082 ## - DEWEY DECIMAL CLASSIFICATION NUMBER |
| Classification number |
X1038 x42 F879 |
| 100 ## - MAIN ENTRY--PERSONAL NAME |
| Personal name |
Freeth, Evelyn |
| 245 ## - TITLE STATEMENT |
| Title |
Aj legal handbook |
| Statement of responsibility, etc. |
Edited by Evelyn Freeth & Peter Davey |
| 260 ## - PUBLICATION, DISTRIBUTION, ETC. |
| Place of publication, distribution, etc. |
London |
| Name of publisher, distributor, etc. |
Architectural |
| Date of publication, distribution, etc. |
1972 |
| 300 ## - PHYSICAL DESCRIPTION |
| Extent |
207p. |
| 650 ## - SUBJECT ADDED ENTRY--TOPICAL TERM |
| Topical term or geographic name entry element |
Building laws -- Great Britain |
| 650 ## - SUBJECT ADDED ENTRY--TOPICAL TERM |
| Topical term or geographic name entry element |
Architects -- Legal status, laws, etc. -- Great Britain |
| 700 ## - ADDED ENTRY--PERSONAL NAME |
| Personal name |
Davey,Peter |